000 00440cam a22001217a 4500
008 180718b1961 xxu||||| |||| 00| 0 eng d
082 _aT312x73 P293
100 _aPayne, Wilson F.
245 _aIndustrial demands upon the money market, 1919-57: a study in fund- flow analysis
_cby Wilson F. Payne
260 _aNew York
_bNational Bureau of Economic Research
_c1961
300 _axix, 139p.
650 _aCorporations --United States --Finance
999 _c500826
_d500826